Territories of the United States - Statistics

General Stats
  • This quiz has been taken 52,618 times
  • The average score is 3 of 5
Answer Stats
Population Territory % Correct
3,193,694 Puerto Rico
97%
159,358 Guam
84%
106,405 U.S. Virgin Islands
68%
55,519 American Samoa
59%
77,000 Northern Mariana Islands
31%
No matching quizzes found
Score Distribution
Percent of People with Each Score
Percentile by Number Answered
Your Score History
You have not taken this quiz